Logo BPK

Biblioteka

Politechniki Koszalińskiej

Russkij jazik dlja studentov politechniceskich institutov / (Rekord nr 16763)

Szczegóły MARC
000 -ETYKIETA REKORDU
podpole kontrolne o stałej długości 00484nam a2200181 i 4500
001 - NUMER KONTROLNY REKORDU
pole kontrolne bg
040 ## - ŹRÓDŁO KATALOGOWANIA
Instytucja, która utworzyła rekord BPK
041 ## - KOD JĘZYKA
Kod języka tekstu pol
080 ## - UNIWERSALNA KLASYFIKACJA DZIESIĘTNA - UKD
UKD 808.2
008 - POLE O STAŁEJ DŁUGOŚCI - DANE KONTROLNE
podpole kontrolne o stałej długości s pl f |000 0 pol
100 1# - NAZWA OSOBOWA
Nazwa osobowa BUDZISZ, Feliks
245 #0 - TYTUŁ/ODPOWIEDZIALNOŚĆ
Tytuł Russkij jazik dlja studentov politechniceskich institutov /
Pozostałe elementy strefy tytułu i oznaczenia odpowiedzialności Feliks Budzisz, Włodzimierz Jurec, Janusz Rudak.
250 ## - STREFA WYDANIA
Oznaczenie wydania Wyd.2.
260 ## - STREFA ADRESU WYDAWNICZEGO
Miejsce wydania Gdańsk,
Data publikacji, dystrybucji/powstania dokumentu 1976.
700 1# - HASŁO DODATKOWE - NAZWA OSOBOWA
Nazwa osobowa JUREC, Włodzimierz
700 1# - HASŁO DODATKOWE - NAZWA OSOBOWA
Nazwa osobowa RUDAK, Janusz
856 ## - LOKALIZACJA I DOSTĘP DO ELEKTRONICZNYCH DOKUMENTÓW ZDALNYCH
Link (URL) http://koha.tu.koszalin.pl/cgi-bin/koha/opac-detail.pl?biblionumber=16763
Tekst linku Katalog online BPK
942 ## - DODATKOWE ELEMENTY (KOHA)
Typ dokumentu Książka
Egzemplarze
Wycofany Status egzemplarza Uszkodzony Dostępność Lokalizacja stała Lokalizacja bieżąca Miejsce przechowywania Sygnatura Kod kreskowy Typ dokumentu
      Dostępny Biblioteka Politechniki Koszalińskiej Biblioteka Politechniki Koszalińskiej Wypożyczalnia BG 20683 01692372 Książka
© 2023 Biblioteka Politechniki Koszalińskiej :: KOHA